Spoločné bývanie pre seniorov z hľadiska architektonického prostredia ako jeden z determinantov kvality života

Enregistré dans:
Détails bibliographiques
Auteur principal: Pavle, Miroslav (Auteur)
Autres auteurs: Mudrončík, Miloslav (Directeur de thèse)
Format: Manuscrit Livre
Langue:slovaque
Publié: 2015
Sujets:
Accès en ligne:http://is.stuba.sk/zp/portal_zp.pl?podrobnosti=76773
Tags: Ajouter un tag
Pas de tags, Soyez le premier à ajouter un tag!

MARC

LEADER 00000ntm a22000003a 4500
001 stuzp23434
003 SK-STU
005 20160719152848.5
007 ta
008 150427s2015----xo-----f-mn---000-0-slo-d
040 |a STU  |b slo 
041 0 |a slo 
100 1 |a Pavle, Miroslav  |u 010310  |4 aut  |U SvF Stavebná fakulta  |T SvF Katedra architektúry  |X 19891  |U V181|V310  |Y 19  |7 A000019891 
242 0 1 |a Collective housing for senior citizens from an architectural point of view as one of the determining factors of the quality of living  |y eng 
245 1 0 |a Spoločné bývanie pre seniorov z hľadiska architektonického prostredia ako jeden z determinantov kvality života 
260 |c 2015 
650 4 |a kvalita prostredia  |2 slo 
650 4 |a bývanie pre seniorov  |2 slo 
650 4 |a sociálna starostlivosť  |2 slo 
650 4 |a environmental quality  |2 eng 
650 4 |a retirement home  |2 eng 
650 4 |a social care  |2 eng 
700 1 |a Mudrončík, Miloslav  |4 ths  |X 43277  |7 A000043277 
856 4 |u http://is.stuba.sk/zp/portal_zp.pl?podrobnosti=76773 
996 |b 284V041284  |c V* 3249/DP-1179  |l VVS  |s P  |a 0  |w stuzp23434_0001 
996 |b 284AU09823  |c A* 13184  |l AAKNST  |s P  |a 0  |w stuzp23434_0002 
SQL |a stuzp23434  |b DDZ  |c SLO  |d Spoločné bývanie pre seniorov z hľadiska architektonického prostredia ako jeden z determinantov kvality života  |e 19891  |f Pavle, Miroslav  |g 010310  |h 43277  |i Mudrončík, Miloslav  |j 20150828  |k 673  |l 01  |m http://is.stuba.sk/zp/portal_zp.pl?podrobnosti=76773  |n D-TKPS4  |o 5.1.4. pozemné stavby